000 00613nam a22002297a 4500
003 UA-OsUOA
001 97038
007 ta
008 20130325b un ||||| |||| 00| 0 ukr d
100 _aМаркович В.
090 _a821.161.1
_bМ26
942 _cBK
040 _aUA-OsUOA
_brus
_cUA-OsUOA
_dUA-OsUOA
245 _aЧеловек в романах И. С. Тургенева
300 _a151 с.
955 _a3
041 _arus
080 _a821.161.1
260 _aЛенинград
_c1975
650 7 _a82 Література. Літературознавство
_2UDC
999 _c383286
_d383286